Human sectional anatomy : (Record no. 112707)
[ view plain ]
| 000 -LEADER | |
|---|---|
| fixed length control field | 01106nam a2200301 a 4500 |
| 003 - CONTROL NUMBER IDENTIFIER | |
| control field | OSt |
| 005 - DATE AND TIME OF LATEST TRANSACTION | |
| control field | 20240227155049.0 |
| 008 - FIXED-LENGTH DATA ELEMENTS--GENERAL INFORMATION | |
| fixed length control field | |
| 020 ## - INTERNATIONAL STANDARD BOOK NUMBER | |
| International Standard Book Number | 0340807644 (paperback) |
| 040 ## - CATALOGING SOURCE | |
| Transcribing agency | NUST |
| Original cataloging agency | NUST |
| Language of cataloging | eng |
| Modifying agency | NUST |
| Description conventions | rda |
| 050 ## - LIBRARY OF CONGRESS CALL NUMBER | |
| Classification number | REF QM25 ELL |
| 100 1# - MAIN ENTRY--PERSONAL NAME | |
| Personal name | Ellis, Harold. |
| Relator term | Author |
| 245 10 - TITLE STATEMENT | |
| Title | Human sectional anatomy : |
| Remainder of title | pocket atlas of body sections, CT and MRI images / |
| Statement of responsibility, etc. | Harold Ellis, Bari M. Logan and Adrian K. Dixon. |
| 250 ## - EDITION STATEMENT | |
| Edition statement | Second edition |
| 260 ## - PUBLICATION, DISTRIBUTION, ETC. | |
| Place of publication, distribution, etc. | Oxford : |
| Name of publisher, distributor, etc. | Butterworth-Heinemann, |
| Date of publication, distribution, etc. | 2001 |
| 300 ## - PHYSICAL DESCRIPTION | |
| Extent | ix, 245 pages : |
| Other physical details | illustrated (some colour) ; |
| Dimensions | 25 cm. |
| 336 ## - CONTENT TYPE | |
| Source | rdacontent |
| Content type term | text |
| Content type code | txt |
| 337 ## - MEDIA TYPE | |
| Source | rdamedia |
| Media type term | unemdiated |
| Media type code | n |
| 338 ## - CARRIER TYPE | |
| Source | rdacarrier |
| Carrier type term | volume |
| Carrier type code | nc |
| 504 ## - BIBLIOGRAPHY, ETC. NOTE | |
| Bibliography, etc. note | Includes bibliographical references. |
| 650 #2 - SUBJECT ADDED ENTRY--TOPICAL TERM | |
| Topical term or geographic name entry element | Anatomy, Regional |
| General subdivision | atlases. |
| 650 #2 - SUBJECT ADDED ENTRY--TOPICAL TERM | |
| Topical term or geographic name entry element | Dissection |
| General subdivision | atlases. |
| 650 #2 - SUBJECT ADDED ENTRY--TOPICAL TERM | |
| Topical term or geographic name entry element | Tomography, X-Ray Computed |
| General subdivision | atlases. |
| 700 1# - ADDED ENTRY--PERSONAL NAME | |
| Personal name | Logan, B. M. |
| 700 1# - ADDED ENTRY--PERSONAL NAME | |
| Personal name | Dixon, Adrian K. |
| 907 ## - LOCAL DATA ELEMENT G, LDG (RLIN) | |
| a | .b10152581 |
| b | 02-02-12 |
| c | 21-02-05 |
| 942 ## - ADDED ENTRY ELEMENTS (KOHA) | |
| Koha item type | Ordinary Loan Books |
| Call number prefix | REF QM |
| Source of classification or shelving scheme | Library of Congress Classification |
| Edition | Second edition |
| Classification part | REF QM25.E43 |
| Call number suffix | ELL |
| Suppress in OPAC | No |
| Withdrawn status | Lost status | Source of classification or shelving scheme | Damaged status | Not for loan | Collection | Home library | Current library | Shelving location | Date acquired | Cost, normal purchase price | Total Checkouts | Full call number | Barcode | Date last seen | Accession number | Cost, replacement price | Price effective from | Koha item type |
|---|---|---|---|---|---|---|---|---|---|---|---|---|---|---|---|---|---|---|
| LCC | NFIC | Medical | Medical | GEN | 01/20/2023 | 55.00 | 3 | REF QM25.E43 ELL | 92003034594 | 01/20/2023 | 29579 | 55.00 | 01/20/2023 | BOOKS |